Rozpoznaj państwo po Emoji #1 - Statystyki

Ogólne statystyki
  • Ten quiz został rozwiązany 133 razy
  • Średni wynik to 12 z 46
Statystyki odpowiedzi
Emoji Państwo % Poprawnych
🧀🍷🥐 Francja
84%
👑💂‍♂️☕ Wielka Brytania
78%
🍀🐑🍺 Irlandia
75%
🍷🏛️🍕 Włochy
71%
🧀🌷🚴‍♂️ Holandia
70%
🍺🥨⚽ Niemcy
67%
🎭🏖️🏛️ Grecja
65%
🧀🍫⌚ Szwajcaria
62%
🍟🍫🕵️‍♂️ Belgia
58%
🍺🥟🦅 Polska
53%
🥘💃🏻🏖️ Hiszpania
50%
🧛🏰👹 Rumunia
48%
❄️🚂🐻 Rosja
43%
🐎❄️🌋 Islandia
36%
⛪✝️🏛️ Watykan
34%
⛰️🎨🎼 Austria
33%
❄️🌲😄 Finlandia
32%
🍺🥟✏️ Czechy
27%
🏎️🏖️🎰 Monako
25%
🏖️🚋⚽ Portugalia
25%
🎤🚢⛷️ Szwecja
24%
🏰🍵🏀 Litwa
21%
🧜‍♀️👑⛵ Dania
20%
🧌⛷️🏞️ Norwegia
14%
👑🏔️💰 Liechtenstein
13%
🦬🏒🌲 Białoruś
10%
🏖️🤽🏞️ Chorwacja
10%
👑💰🏰 Luksemburg
8%
🐈🏝️👩 Cypr
7%
🐻🛝🌧️ Estonia
6%
🕌🗽☕ Kosowo
6%
🏝️⛵🏰 Malta
6%
👨‍🌾🏰⛪ Ukraina
6%
🍷🕌🤗 Bośnia i Hercegowina
5%
🏖️⛪⛰️ Bułgaria
5%
🏀🍞🍯 Łotwa
5%
🍷🌳☀️ Mołdawia
5%
🍷🌶️⛪ Serbia
5%
👑🏔️🧗 Andora
4%
🍷🏞️🏖️ Czarnogóra
4%
🏞️🎿🚠 Słowacja
4%
🍷🎲🥘 Węgry
4%
🤴⛰️🍷 Macedonia
3%
🍷🏰⛰️ San Marino
3%
🎤🚂🏖️ Albania
2%
🏞️🏀😀 Słowenia
2%
Nie znaleziono quizów pasujących do podanych kryteriów
Rozkład punktacji
Procent ludzi z każdym wynikiem
Percentyl według liczby udzielonych odpowiedzi
Twoja historia wyników
Nie rozwiązałeś tego quizu